The Devonian of southwestern Ontario, (Record no. 25620)

MARC details
000 -LEADER
fixed length control field 00893cam a22002531 4500
001 - CONTROL NUMBER
control field gs 15001038
003 - CONTROL NUMBER IDENTIFIER
control field DLC
005 - DATE AND TIME OF LATEST TRANSACTION
control field 20260227111319.0
008 - FIXED-LENGTH DATA ELEMENTS--GENERAL INFORMATION
fixed length control field 760803s1915 oncbf b 000 0 eng
010 ## - LIBRARY OF CONGRESS CONTROL NUMBER
LC control number gs 15001038
035 ## - SYSTEM CONTROL NUMBER
System control number (OCoLC)2351500
040 ## - CATALOGING SOURCE
Original cataloging agency DLC
Transcribing agency OTU
Modifying agency NSbSU
-- DLC
050 00 - LIBRARY OF CONGRESS CALL NUMBER
Classification number QE185
Item number .A2 no. 34
051 ## - LIBRARY OF CONGRESS COPY, ISSUE, OFFPRINT STATEMENT
Classification number QE665
Item number .S6
Copy information Copy 2.
100 1# - MAIN ENTRY--PERSONAL NAME
Personal name Stauffer, Clinton R.
Fuller form of name (Clinton Raymond),
Dates associated with a name 1875-
245 14 - TITLE STATEMENT
Title The Devonian of southwestern Ontario,
Statement of responsibility, etc. by Clinton R. Stauffer.
260 ## - PUBLICATION, DISTRIBUTION, ETC.
Place of publication, distribution, etc. Ottawa,
Name of publisher, distributor, etc. Government printing bureau,
Date of publication, distribution, etc. 1915.
300 ## - PHYSICAL DESCRIPTION
Extent 1 p. 1., v, 341 p. incl. xx pl.
Other physical details fold. map (in pocket)
Dimensions 25 cm.
490 1# - SERIES STATEMENT
Series statement Canada. Geological survey. Memoir 34; Geological series
Volume/sequential designation no. 63
504 ## - BIBLIOGRAPHY, ETC. NOTE
Bibliography, etc. note Bibliography: p. 259-270.
650 #0 - SUBJECT ADDED ENTRY--TOPICAL TERM
Topical term or geographic name entry element Geology, Stratigraphic
Chronological subdivision Devonian.
650 #0 - SUBJECT ADDED ENTRY--TOPICAL TERM
Topical term or geographic name entry element Geology
Geographic subdivision Ontario.
830 #0 - SERIES ADDED ENTRY--UNIFORM TITLE
Uniform title Memoir (Geological Survey of Canada) ;
Volume/sequential designation 34

No items available.

Powered by Koha